00859nam a22001937a 4500003000500000005001700005082001600022100003300038245012600071260003800197300001600235505017500251650002300426651001800449700003700467942001200504999001900516952013000535NUST20260116172330.0 a621.382,KHA aKhan, Muhammad Awais9132777 aCamera Based Equation Solver /cMuhammad Awais KHan, Sohail Nazim, Khawar Abbas and Raja Muhammad Asad Wazir Khan (TE-50) aRawalpindibMCS (NUST)cJune 2017 aviii,52 p.; aIntroduction (Page-1), Requirement Analysis (Page-6), System Design (Page-17), Implementation (Page-280, Testing (Page-31), Conclusion (Page-40), User Manual (Page-42).  aUG Project9131132 aTE-509132778 aSupervised by Raja Iqbal9131764 2ddccPR c615825d615825 00102ddc4070aMCSbMCScREFd2026-01-16l0o621.382,KHApMCSPTE-261r2026-01-16w2026-01-16yPRzAlmirah No.90, Shelf No.4